000 00731nam a2200241 a 4500
001 17499
003 BD-RjUL
005 20211209000142.0
008 140217s1957 nyua j 000 0 eng
035 _a(BD-RjUL)17557
040 _aDLC
_cDLC
_dBD-RjUL
_beng
041 _aeng
082 _223
_a811
_bFEF 1957
100 1 _aFerris, Helen
_d1890-1969,
_953931
245 1 0 _aFavorite poems, old and new :
_bselected for boys and girls /
_cHelen Ferris; Illustrated by Leonard Weisgard.
260 _aNew York :
_bDoubleday,
_cc1957.
300 _a598 p. :
_bill. ;
_c25 cm.
500 _aInclude index
650 0 _aChildren's poetry.
_953932
700 _aWeisgard Leonard
_9160306
942 _2ddc
_cBK
999 _c17499
_d17499